| 000 | 00460nam a2200181Ia 4500 | ||
|---|---|---|---|
| 001 | 10951 | ||
| 005 | 20260306161910.0 | ||
| 008 | 260306t2010||||xx |||||||||||||| ||spa|| | ||
| 041 | _aESP | ||
| 082 |
_a982.009 _bP55 |
||
| 100 |
_aSan Martín, José de _eAUT |
||
| 245 | 0 | _aEscritos humanísticos y estratégicos José de San Martín | |
| 260 | _c2010 | ||
| 300 |
_a287 páginas : _c23 cm. |
||
| 650 | _aGEN | ||
| 654 | _aCHU | ||
| 942 |
_cLIB _dJUS _fJUS _2ddc _n |
||
| 999 |
_c10951 _d10951 |
||